नक्षत्र - ग्रहदोषनिवारण (Record no. 297261)

MARC details
000 -LEADER
fixed length control field 01056nam a2200265Ia 4500
003 - CONTROL NUMBER IDENTIFIER
control field OSt
005 - DATE AND TIME OF LATEST TRANSACTION
control field 20220923211227.0
008 - FIXED-LENGTH DATA ELEMENTS--GENERAL INFORMATION
fixed length control field 220922b |||||||| |||| 00| 0 san d
020 ## - INTERNATIONAL STANDARD BOOK NUMBER
International Standard Book Number 9788170803553 (pbk)
037 ## - SOURCE OF ACQUISITION
Terms of availability Textual
040 ## - CATALOGING SOURCE
Original cataloging agency ARTS
Transcribing agency ARTS
Language of cataloging san
041 ## - LANGUAGE CODE
Source of code san
Language code of text/sound track or separate title san
100 ## - MAIN ENTRY--PERSONAL NAME
Personal name झा, सुरकान्त, संपा.
9 (RLIN) 157180
245 #0 - TITLE STATEMENT
Title नक्षत्र - ग्रहदोषनिवारण
246 ## - VARYING FORM OF TITLE
Title proper/short title Nakṣhatra - grahadoṣhanivāraṇa
260 ## - PUBLICATION, DISTRIBUTION, ETC.
Place of publication, distribution, etc. वाराणसी
Name of publisher, distributor, etc. चौखम्बा संस्कृत सीरीज आफिस
Date of publication, distribution, etc. 2011
300 ## - PHYSICAL DESCRIPTION
Extent 391पृ0
Dimensions cm.
650 ## - SUBJECT ADDED ENTRY--TOPICAL TERM
Topical term or geographic name entry element आध्यात्मिक अनुभव और रहस्यवाद
942 ## - ADDED ENTRY ELEMENTS (KOHA)
Classification part Delta2:864, 152Q1
Koha item type Textual
Source of classification or shelving scheme Colon Classification (CC)
Holdings
Withdrawn status Lost status Damaged status Not for loan Home library Current library Date acquired Source of acquisition Cost, normal purchase price Total Checkouts Full call number Barcode Date last seen Cost, replacement price Price effective from Koha item type
        Arts Library Arts Library 2022-09-23 243, 01/10/2011, Eastern Book Linkers 275.00   Delta2:864 152Q1 AL1486039 2022-09-23 275.00 2022-09-23 Textual
Copyright @ Delhi University Library System